Paralelné adaptívne genetické algoritmy
Gespeichert in:
| 1. Verfasser: | |
|---|---|
| Weitere Verfasser: | |
| Format: | Manuskript Buch |
| Sprache: | Slowakisch |
| Veröffentlicht: |
2018
|
| Schlagworte: | |
| Online-Zugang: | http://is.stuba.sk/zp/portal_zp.pl?podrobnosti=123933 |
| Tags: |
Keine Tags, Fügen Sie das erste Tag hinzu!
|
MARC
| LEADER | 00000ntm a22000003a 4500 | ||
|---|---|---|---|
| 001 | stuzp66590 | ||
| 003 | SK-STU | ||
| 005 | 20181107114710.5 | ||
| 007 | ta | ||
| 008 | 150427s2015----xo-----f-mn---000-0-slo-d | ||
| 040 | |a STU |b slo | ||
| 041 | 0 | |a slo | |
| 044 | |a xo | ||
| 100 | 1 | |a Ubreži, Samuel |u 031000 |4 aut |U FEI Fakulta elektrotechniky a informatiky |T FEI Ústav robotiky a kybernetiky |X 80533 |U E011 |Y 356 |7 80533 | |
| 242 | 0 | 1 | |a Parallel Adaptive Genetic Algorithms |y eng |
| 245 | 1 | 0 | |a Paralelné adaptívne genetické algoritmy |
| 260 | |c 2018 | ||
| 300 | |a 44 s., |b CD-ROM | ||
| 650 | 4 | |a adaptation of parameters |2 eng | |
| 650 | 4 | |a genetic algorithm |2 eng | |
| 650 | 4 | |a paralelization |2 eng | |
| 650 | 4 | |a adaptácia parametrov |2 slo | |
| 650 | 4 | |a paralelizácia |2 slo | |
| 650 | 4 | |a genetický algoritmus |2 slo | |
| 700 | 1 | |a Sekaj, Ivan |u 031000 |k Z1 |4 ths |U FEI Fakulta elektrotechniky a informatiky |T FEI Ústav robotiky a kybernetiky |X 4946 |U E011 |Y 356 |7 A000004946 | |
| 856 | 4 | |u http://is.stuba.sk/zp/portal_zp.pl?podrobnosti=123933 | |
| 996 | |b 284ER02673 |c E*Bc- 2673 |l EE31 |s P |a 0 |w stuzp66590_0001 | ||